[Event "Open"]
[Site "Salsomaggiore ITA"]
[Date "2006.05.12"]
[Round "2"]
[White "Pedemonte,C"]
[Black "Frigieri,F"]
[Result "0-1"]
[WhiteElo "1942"]
[BlackElo "2080"]

1.c4 c6 2.d4 d5 3.cxd5 cxd5 4.Nc3 Nf6 5.Nf3 Nc6 6.Bf4 Nh5 7.Bg3 e6 8.e3 Qb6
9.Bb5 Bd7 10.O-O Nxg3 11.hxg3 Bd6 12.Rb1 Rc8 13.a3 a6 14.Ba4 Qc7 15.Rc1 b5
16.Bb3 f5 17.Qe2 Qb6 18.Ng5 Qd8 19.Nh3 Na5 20.Ba2 Nc4 21.Nf4 O-O 22.Bb1 Qf6
23.Nh5 Qf7 24.Nf4 Rc7 25.Nd3 Rfc8 26.Na2 a5 27.Rc3 Qe7 28.b4 axb4 29.axb4 Ra7
30.Nc5 Rca8 31.Rfc1 Be8 32.R1c2 Na3 33.Rxa3 Rxa3 34.Nc3 Bxc5 35.bxc5 Qb7
36.g4 b4 37.Nd1 Bb5 38.Qf3 Bd3 39.c6 Qb6 40.gxf5 Bxf5 41.Qh5 g6 42.Qg5 Ra1
43.g4 Bxc2 44.Bxc2 Qxc6 45.Bxg6 Rxd1+ 46.Kg2 hxg6 47.Qxg6+ Kf8 48.Qf6+ Ke8
49.g5 Kd7 50.g6 Re8 51.g7 Qc8 52.Qf7+ Kc6 53.Qa7  0-1

[Event "ch-UKR sf"]
[Site "Alushta UKR"]
[Date "2006.05.14"]
[Round "2"]
[White "Makarevich,V"]
[Black "Fingerov,D"]
[Result "0-1"]
[WhiteElo "2062"]
[BlackElo "2341"]

1.c4 c6 2.d4 d5 3.cxd5 cxd5 4.Nc3 Nf6 5.Nf3 Nc6 6.Bf4 Qb6 7.a3 Qxb2 8.Na4 Qb5
9.Bd2 Qa6 10.e3 b5 11.Nc3 Bd7 12.a4 Qb7 13.axb5 Nb8 14.Ne5 e6 15.Bd3 Bd6
16.Nxd7 Nbxd7 17.O-O e5 18.Ra6 Nb6 19.dxe5 Bxe5 20.f4 Bd6 21.e4 O-O 22.e5 Bc5+
23.Kh1 Ne4 24.Nxe4 dxe4 25.Bb1 Nc4 26.Ra2 Rad8 27.Qe2 Nxd2 28.Rxd2 Rxd2 29.Qxd2 Qxb5
30.Re1 Bb4 31.Qe2 Qxe2 32.Rxe2 Rc8 33.Bc2 e3 34.g3 Bd2 35.Bb3 Rc3 36.Bd5 Kf8
37.Kg2 a5 38.Kf3 a4 39.Rg2 Rc5 40.Ba2 Rc1 41.f5 Rf1+ 42.Ke2 Rxf5 43.e6 fxe6
44.Bxe6 Rf6 45.Bc4 a3 46.h3 Rc6 47.Bd5 Rc5 48.Bb3 Rb5 49.Bc4 Rb4 50.Bd5 Rb1
51.g4 Ke7 52.g5 Kd6 53.Bg8 Rb8 54.Bf7 Rf8 55.g6 hxg6 56.Rxg6+ Ke5 57.Bc4 Kd4
58.Rg4+ Kc3 59.Ba6 Ra8 60.Bc4 Ra4 61.Rxg7 Rxc4 62.Ra7 Kb2  0-1

[Event "37th Olympiad w"]
[Site "Turin ITA"]
[Date "2006.05.21"]
[Round "1"]
[White "Srebrnic,A"]
[Black "Cast,A"]
[Result "1-0"]
[WhiteElo "2302"]
[BlackElo "2116"]

1.c4 c6 2.e4 d5 3.exd5 cxd5 4.cxd5 Nf6 5.Nc3 g6 6.Bc4 Bg7 7.Nf3 O-O 8.O-O Nbd7
9.d3 Nb6 10.Qb3 Bf5 11.Re1 Rc8 12.Bf4 Nh5 13.Be3 Nxc4 14.dxc4 b6 15.Nb5 Qd7
16.Nfd4 Nf6 17.Nc6 Be4 18.f3 Bd3 19.Rad1 Bf5 20.Nbxa7  1-0

[Event "3rd All-China Games"]
[Site "Suzhou CHN"]
[Date "2006.05.24"]
[Round "8"]
[White "Wang Rui"]
[Black "Liu Pei"]
[Result "1-0"]
[WhiteElo "2497"]
[BlackElo "2292"]

1.c4 c6 2.Nf3 d5 3.d4 Nf6 4.e3 e6 5.Bd3 Nbd7 6.b3 Bd6 7.Bb2 Qe7 8.O-O e5
9.dxe5 Nxe5 10.cxd5 Nfg4 11.g3 Nxf3+ 12.Qxf3 Ne5 13.Qd1 Bh3 14.Re1 Rd8 15.Bf1 Bg4
16.Be2 Bb4 17.Nc3 Bxc3 18.Bxc3 Rxd5 19.Bd4 Bxe2 20.Qxe2 O-O 21.f4 Nd7 22.Qb2 f6
23.e4 Rh5 24.Rad1 c5 25.Bc3 Rd8 26.Qe2 Qf7 27.Rd6 Rh6 28.Red1 f5 29.Rxh6 gxh6
30.exf5 Re8 31.Qg4+ Kf8 32.Bg7+  1-0

[Event "37th Olympiad w"]
[Site "Turin ITA"]
[Date "2006.05.27"]
[Round "6"]
[White "Rogule,L"]
[Black "Nill,J"]
[Result "1-0"]
[WhiteElo "2309"]
[BlackElo "2339"]

1.c4 c6 2.Nf3 d5 3.d4 Nf6 4.Nbd2 a6 5.Qc2 g6 6.e3 Bg7 7.Bd3 O-O 8.O-O Nbd7
9.b3 c5 10.Bb2 Re8 11.Ne5 cxd4 12.exd4 dxc4 13.bxc4 Nxe5 14.dxe5 Ng4 15.Nf3 Qc7
16.Rae1 Nh6 17.Ng5 Bf5 18.Bxf5 Nxf5 19.g4 Nh6 20.Re4 Rac8 21.Qe2 Qc6 22.Re1 Qa4
23.Bc1 Bf8 24.Nh3 Qc6 25.Bg5 Kh8 26.Qe3 Ng8 27.Qf3 f6 28.Bc1 Bg7 29.Bb2 Rf8
30.exf6 exf6 31.Nf4 Rce8 32.Qh3 Nh6 33.Ne6 Kg8 34.g5 f5 35.Bxg7 fxe4 36.Nxf8 Kxg7
37.Qxh6+ Kf7 38.Nxh7 Rh8 39.Qh4 Kg7 40.Rxe4 Qd6 41.Qh6+ Kf7 42.Qh3 Kg7 43.Qc3+  1-0

[Event "37th Olympiad w"]
[Site "Turin ITA"]
[Date "2006.05.31"]
[Round "10"]
[White "Foisor,C"]
[Black "Stock,L"]
[Result "1-0"]
[WhiteElo "2392"]
[BlackElo "2200"]

1.c4 c6 2.Nc3 d5 3.e3 Nf6 4.Nf3 e6 5.Qc2 Nbd7 6.b3 Bd6 7.d4 O-O 8.Be2 Re8
9.O-O Qc7 10.e4 dxe4 11.Nxe4 Nxe4 12.Qxe4 f5 13.Qc2 b6 14.Rd1 c5 15.h3 Bb7
16.Bb2 Rad8 17.d5 Nf8 18.Bf1 Qf7 19.Bc3 a6 20.Qb2 exd5 21.cxd5 Bf4 22.g3 Bb8
23.Bg2 Rxd5 24.Rxd5 Bxd5 25.Ng5 Qb7 26.Bxd5+ Qxd5 27.Qd2 Qxd2 28.Bxd2 Ng6
29.Kf1 h6 30.Nf3 Kf7 31.Bc3 Ne5 32.Nh4 g6 33.Re1 b5 34.f4 Nd3 35.Rxe8 Kxe8
36.Nxg6 Nc1 37.Nh4 Nxa2 38.Bb2 c4 39.bxc4 bxc4 40.Ke2 c3 41.Ba3 c2 42.Kd2 Bd6
43.Bb2 Nb4 44.Nxf5 Bf8 45.Ne3 a5 46.Nxc2 Nxc2 47.Kxc2 Kf7 48.g4 Kg6 49.Kb3 h5
50.Bc3 Bd6 51.Be5 Bb4 52.Kc4 Be7 53.Kd5 a4 54.Ke6 Bd8 55.Bd6 Bf6 56.gxh5+ Kg7
57.h6+ Kg6 58.f5+  1-0

[Event "28th Nezhmetdinov mem"]
[Site "Kazan RUS"]
[Date "2006.06.02"]
[Round "2"]
[White "Gabdrakhmanov,R"]
[Black "Chistiakova,T"]
[Result "1-0"]
[WhiteElo "2414"]
[BlackElo "2351"]

1.c4 c6 2.Nf3 d5 3.b3 Nf6 4.Bb2 Bf5 5.g3 e6 6.Bg2 h6 7.O-O Be7 8.d3 O-O 9.Nbd2 a5
10.a3 Bh7 11.Rc1 b5 12.cxb5 cxb5 13.Rc2 Na6 14.Qa1 Rc8 15.Rfc1 Rxc2 16.Rxc2 Bc5
17.Bd4 Bxd4 18.Nxd4 Qb6 19.Rc6 Qb7 20.N2f3 Nd7 21.Bh3 Re8 22.Qc1 Bg6 23.Qe3 Nab8
24.Rc2 Qb6 25.Ne5 Nxe5 26.Qxe5 Kh7 27.Nxe6 Rg8 28.Nf4  1-0

[Event "37th Olympiad w"]
[Site "Turin ITA"]
[Date "2006.06.02"]
[Round "11"]
[White "Batyte,D"]
[Black "Cua,Sheri"]
[Result "0-1"]
[WhiteElo "2170"]
[BlackElo "1954"]

1.c4 c6 2.Nf3 d5 3.b3 Nf6 4.Bb2 Bf5 5.d3 e6 6.Nbd2 Be7 7.g3 h6 8.Bg2 O-O
9.O-O a5 10.a3 Na6 11.Rc1 Qb6 12.Qc2 Bh7 13.Qc3 Rfd8 14.d4 c5 15.e3 Rac8
16.Ne5 Nc7 17.h3 cxd4 18.exd4 Nb5 19.Qe3 Bxa3 20.c5 Qa6 21.Bxa3 Nxa3 22.Qf4 Nc2
23.Bf3 Nb4 24.Qe3 Nc6 25.Be2 Qa7 26.f4 b6 27.Nxc6 Rxc6 28.Bb5 Rc7 29.c6 Ne8
30.g4 Nd6 31.Qe2 Ra8 32.Rfe1 Bg6 33.Nf3 Nxb5 34.Qxb5 Qa6 35.Qxa6 Rxa6 36.Ne5 Be4
37.g5 hxg5 38.fxg5 a4 39.bxa4 Rxa4 40.Red1 Ra2 41.Ra1 Rg2+ 42.Kf1 Rxg5 43.Ra8+ Kh7
44.Rb8 Rxe5 45.dxe5 Rxc6 46.Rd2 Rc3 47.Rxb6 Rxh3 48.Rf2 Bg6 49.Rb4 Rh5 50.Kg2 Rxe5
51.Kg3 Re3+ 52.Kh2 Bf5 53.Rd2 g5 54.Rb7 Kg7 55.Kg1 g4 56.Kf2 Rf3+ 57.Ke2 Be4
58.Rd1 Kg6 59.Rb6 Rh3 60.Rg1 Kf5 61.Rb7 f6 62.Rg7 Bf3+ 63.Kf2 Kf4 64.Rg6 Rh2+
65.Kf1 Kf5 66.Rg7 Ra2 67.Rc7 Ra1+ 68.Kf2 Rxg1 69.Kxg1 g3 70.Rg7 g2 71.Kf2 Be4
72.Ra7 d4 73.Ra1 e5 74.Kg3 Kg5 75.Kf2 Kg4 76.Ra7 f5 77.Ra1 Kf4 78.Re1 Bf3
79.Ra1 d3 80.Ra4+ e4 81.Rd4 g1=Q+ 82.Kxg1 Ke3 83.Ra4 d2 84.Ra3+ Ke2 85.Ra2 Ke1
86.Kh2 d1=Q 87.Kg1 Qd4+ 88.Kh2 Qe5+  0-1

[Event "37th Olympiad w"]
[Site "Turin ITA"]
[Date "2006.06.02"]
[Round "11"]
[White "Chang,S"]
[Black "Laubscher,A"]
[Result "1/2-1/2"]
[WhiteElo "2091"]
[BlackElo "1856"]

1.c4 c6 2.Nf3 d5 3.e3 Nf6 4.b3 Bf5 5.d4 e6 6.Be2 h6 7.O-O Bd6 8.Bb2 O-O 9.Nbd2 Nbd7
10.Ne5 Rc8 11.c5 Bb8 12.b4 Ne4 13.Nxe4 Bxe4 14.f3 Bh7 15.Bd3 Bxd3 16.Qxd3 Nxe5
17.dxe5 Qg5 18.f4 Qf5 19.Qxf5 exf5 20.Kf2 Bc7 21.Bd4 Bd8 22.Rg1 f6 23.g4 fxe5
24.Bxe5 Bf6 25.Bxf6 Rxf6 26.gxf5 Rxf5 27.Rg6 Kh7 28.Rag1 Rc7 29.Kf3 Rh5 30.R1g2 Rxh2
31.Rxg7+ Rxg7 32.Rxh2 Rg1 33.Rh5 Rb1 34.a3 a5 35.Re5 axb4 36.Re7+ Kg6 37.Rxb7 b3
38.Rb6 b2 39.Kg2 Kf5 40.Rb4 Ra1 41.Rxb2 Rxa3 42.Rb6 Rxe3 43.Rxc6 Re6 44.Rb6  1/2-1/2

[Event "ch-StP"]
[Site "St Petersburg RUS"]
[Date "2006.06.03"]
[Round "1"]
[White "Ionov,S"]
[Black "Popov,Val"]
[Result "1/2-1/2"]
[WhiteElo "2519"]
[BlackElo "2587"]

1.c4 c6 2.e4 d5 3.exd5 cxd5 4.cxd5 Nf6 5.Nc3 Nxd5 6.Nf3 Nc6 7.Bb5 e6 8.O-O Be7
9.d4 O-O 10.Re1 Bd7 11.Bd3 Rc8 12.a3 Bf6 13.Ne4 Be7 14.Bb1 Qb6 15.Qd3 g6
16.Ba2 Rfd8 17.Nc3 Be8 18.Nxd5 exd5 19.b4  1/2-1/2

[Event "28th Nezhmetdinov mem"]
[Site "Kazan RUS"]
[Date "2006.06.04"]
[Round "4"]
[White "Kharlov,A"]
[Black "Ponfilenok,V"]
[Result "1-0"]
[WhiteElo "2555"]
[BlackElo "2390"]

1.c4 c6 2.d4 d5 3.Nf3 Nf6 4.e3 g6 5.Bd3 Bg7 6.O-O O-O 7.Nc3 Bg4 8.h3 Bxf3
9.Qxf3 e6 10.Rd1 Nbd7 11.Bd2 Re8 12.Be1 Qe7 13.Qe2 Rad8 14.Bc2 Nf8 15.Bb3 a6
16.Rac1 N8d7 17.Rc2 dxc4 18.Qxc4 e5 19.dxe5 Nxe5 20.Qe2 Rxd1 21.Nxd1 c5 22.a4 Nc6
23.Nc3 Rd8 24.Rd2 Rxd2 25.Bxd2 Nd7 26.Bd5 Qd6 27.e4 Nd4 28.Qd1 b5 29.Be3 Nb6
30.axb5 Nxd5 31.Nxd5 axb5 32.Qa1 h6 33.Qa8+ Kh7 34.Qb7 Qe6 35.Nc3 b4 36.Nd5 Nb3
37.Nf4 Qf6 38.Qd5 Nd4 39.Qxc5 Ne6 40.Nxe6 fxe6 41.b3 Qa1+ 42.Qc1 Qa5 43.Qc4 Qa1+
44.Kh2 Qe5+ 45.g3 Bf8 46.Qd4 Qxd4 47.Bxd4 Kg8 48.Kg2 Kf7 49.Kf3  1-0

[Event "10th Heraclion Open"]
[Site "Athens GRE"]
[Date "2006.06.11"]
[Round "2"]
[White "Ornithopoulos,N"]
[Black "Holis,H"]
[Result "1-0"]
[WhiteElo "2145"]
[BlackElo "1881"]

1.c4 c6 2.Nf3 d5 3.e3 Nf6 4.Nc3 Nbd7 5.d4 dxc4 6.Bxc4 Nb6 7.Bb3 Bf5 8.Ne5 e6
9.g4 Bg6 10.h4 Be4 11.f3 Bd5 12.e4 Bxb3 13.axb3 Be7 14.Be3 Nfd7 15.Bf2 Nxe5
16.dxe5 Qc7 17.f4 O-O 18.g5 Rfd8 19.Qe2 Rd7 20.O-O a6 21.h5 Rad8 22.Rfd1 Rxd1+
23.Rxd1 Rxd1+ 24.Qxd1 Kf8 25.Na4 Nxa4 26.bxa4 c5 27.Qg4 Qc6 28.f5 Qxa4 29.f6 Bd8
30.Bxc5+ Kg8 31.g6 Qa1+ 32.Kg2 Qxb2+ 33.Bf2 gxf6 34.gxf7+ Kxf7 35.h6 Bb6
36.Qg7+ Ke8 37.Qg8+ Kd7 38.Qf7+ Kc8 39.Qxe6+ Kb8 40.Qxb6 Qxe5 41.Qd8+  1-0

[Event "IHEM"]
[Site "Hamburg GER"]
[Date "2006.06.11"]
[Round "9"]
[White "Siebrecht,S"]
[Black "Van Delft,M"]
[Result "1/2-1/2"]
[WhiteElo "2394"]
[BlackElo "2372"]

1.c4 c6 2.Nf3 d5 3.e3 Nf6 4.d4 a6 5.Qc2 Bg4 6.Ne5 Bh5 7.Nd2 e6 8.Bd3 Nbd7
9.Nxd7 Qxd7 10.O-O Bg6 11.b3 Bb4 12.Nf3 Bxd3 13.Qxd3 O-O  1/2-1/2

[Event "TCh-NOR"]
[Site "Oslo NOR"]
[Date "2006.06.11"]
[Round "5"]
[White "Svendsen,B"]
[Black "Berntsen,S"]
[Result "0-1"]
[WhiteElo "2202"]
[BlackElo "2159"]

1.c4 c6 2.g3 d5 3.Bg2 Nf6 4.Nf3 Bf5 5.Qb3 Qb6 6.Qxb6 axb6 7.cxd5 Nxd5 8.Nc3 e6
9.O-O Bg6 10.Ne5 Nd7 11.Nxg6 hxg6 12.d4 Nxc3 13.bxc3 Rh5 14.Rd1 Rha5 15.Rd2 b5
16.e4 Nb6 17.Rc2 Ba3 18.Bf4 Nc4 19.Bf1 f6 20.h4 Ra4 21.Be2 Be7 22.Bd3 g5
23.hxg5 fxg5 24.Bc1 e5 25.f4 exf4 26.gxf4 gxf4 27.Bxf4 g5 28.Bg3 Kd7 29.e5 Ke6
30.Rf2 Rf8 31.Raf1 Rxf2 32.Rxf2 Ra3 33.Bg6 Rxc3 34.Bf7+ Kd7 35.e6+ Kd8 36.Bb8 Ne3
37.Rf3 Nd5 38.Rf2 Ne3 39.Rf3 g4 40.Rf2 Bh4 41.Re2 Ke7 42.Bf4 Rc1+ 43.Kh2 g3+
44.Bxg3 Nf1+ 45.Kg2 Bxg3 46.Bg8 Bd6 47.Re4 Nh2 48.Kf2 Rc2+ 49.Ke3 Rg2 50.Bf7 Rg4  0-1

[Event "VIII Open"]
[Site "Salou ESP"]
[Date "2006.06.11"]
[Round "5"]
[White "Pogorelov,R"]
[Black "Korneev,O"]
[Result "1/2-1/2"]
[WhiteElo "2385"]
[BlackElo "2671"]

1.c4 c6 2.Nc3 d5 3.d4 Nf6 4.cxd5 cxd5 5.Bf4 Nc6 6.e3 a6 7.Bd3 Bg4 8.f3 Bh5
9.a3 e6 10.Nge2 Be7 11.g4 Bg6 12.h4 Bxd3 13.Qxd3 Na5 14.Kf2 Nc4 15.Rab1 b5
16.Ng3 Rc8 17.a4 bxa4 18.Nxa4 O-O 19.b3 Na3 20.Rbc1 Qa5 21.g5 Nd7 22.h5 Qb5
23.Qxb5 axb5 24.Nb2 Nb8 25.Bxb8 Rxb8  1/2-1/2

[Event "FSIM June"]
[Site "Budapest HUN"]
[Date "2006.06.13"]
[Round "9"]
[White "Reiss,T"]
[Black "Muranyi,K"]
[Result "1-0"]
[WhiteElo "2377"]
[BlackElo "2385"]

1.c4 c6 2.e4 d5 3.exd5 cxd5 4.d4 Nf6 5.Nc3 e6 6.Nf3 Nc6 7.cxd5 exd5 8.Bb5 a6
9.Bxc6+ bxc6 10.O-O Be7 11.Ne5 Bd7 12.Bg5 O-O 13.Re1 Re8 14.Rc1 h6 15.Bh4 Nh7
16.Qh5 g6 17.Bxe7 gxh5 18.Bxd8 Raxd8 19.Na4 f6 20.Nxd7 Rxe1+ 21.Rxe1 Rxd7
22.Nc5 Rc7 23.Nxa6 Rb7 24.b3 Ng5 25.f3 Ra7 26.Nb4 Kf7 27.Re2 Ne6 28.Nxc6 Rc7
29.Rc2  1-0

[Event "Summer-3"]
[Site "Alushta UKR"]
[Date "2006.06.16"]
[Round "1"]
[White "Belikov,V"]
[Black "Sergeev,A KAZ"]
[Result "1-0"]
[WhiteElo "2552"]
[BlackElo "2379"]

1.c4 c6 2.e4 d5 3.exd5 cxd5 4.cxd5 Nf6 5.Nc3 Nxd5 6.Nf3 Nc6 7.Bb5 e6 8.O-O Be7
9.d4 O-O 10.Re1 a6 11.Bxc6 Nxc3 12.bxc3 bxc6 13.Ne5 Bd6 14.Nc4 Bc7 15.Ba3 Re8
16.Qh5 Rb8 17.Ne5 Bxe5 18.Qxe5 Rb5 19.Bc5 f6 20.Qg3 Qd5 21.h3 e5 22.Re3 Bf5
23.a4 Rb1+ 24.Rxb1 Bxb1 25.a5 Bg6 26.f3 Kf7 27.Qe1 h6 28.Qe2 Rb8 29.Qxa6 Kg8
30.Bb6 e4 31.Qe2 f5 32.fxe4 fxe4 33.c4 Qd6 34.Qa2 Kh7 35.Re1 Qg3 36.Qf2 Qc3
37.c5 Rf8 38.Qe3 Qc4 39.Kh2 Qa2 40.Qe2 Qa4 41.a6 Qxd4 42.a7 Qe5+ 43.Kh1 Qg3
44.Qe3 Rf3 45.Bc7 Rxe3 46.Bxg3 Ra3 47.Bb8 Kg8 48.Kh2 Kf7 49.Re3 Ra4 50.Kg3 Ke6
51.Kf4 Bf5 52.h4 h5 53.Re2 g6 54.Rd2 Ra3 55.Rd6+ Kf7 56.Rd2 Ke6 57.g4 hxg4
58.h5 g3 59.h6 Kf7 60.Be5  1-0

[Event "Open A"]
[Site "Voronezh RUS"]
[Date "2006.06.21"]
[Round "9"]
[White "Iljushin,A"]
[Black "Papin,V"]
[Result "1-0"]
[WhiteElo "2483"]
[BlackElo "2388"]

1.c4 c6 2.Nf3 Nf6 3.b3 d5 4.Bb2 e6 5.g3 Nbd7 6.Bg2 Bd6 7.d4 O-O 8.O-O b6
9.Nbd2 Bb7 10.Ne5 Rc8 11.e4 dxe4 12.Nxe4 Nxe4 13.Bxe4 Nxe5 14.dxe5 Be7 15.Qc2 g6
16.h4 Qc7 17.h5 c5 18.hxg6 fxg6 19.Rad1 Bxe4 20.Qxe4 Rcd8 21.Bc3 Kg7 22.a4 Rxd1
23.Rxd1 Kg8 24.a5 bxa5 25.Ra1 Qb6 26.Rxa5 Qxb3 27.Be1 Qb6 28.Rb5 Qa6 29.Kg2 Rd8
30.Bc3 Qa3 31.Ba5 Rf8 32.Be1 Qa6 33.Bd2 Bd8 34.Bh6 Re8 35.Rb8 Kf7 36.Qf3+ Kg8
37.Rb7  1-0

[Event "5th Masters"]
[Site "Grenoble FRA"]
[Date "2006.06.23"]
[Round "2"]
[White "Foisor,O"]
[Black "Delorme,Ax"]
[Result "1-0"]
[WhiteElo "2409"]
[BlackElo "2252"]

1.c4 c6 2.Nc3 d5 3.e3 Nf6 4.Nf3 a6 5.d4 b5 6.b3 Bg4 7.Be2 e6 8.h3 Bh5 9.O-O Nbd7
10.Bb2 Bd6 11.Ne5 Bxe2 12.Nxe2 Qc7 13.cxd5 cxd5 14.Rc1 Qb8 15.Nxd7 Nxd7 16.e4 dxe4
17.d5 O-O 18.dxe6 Nc5 19.Nf4 Bxf4 20.Rxc5 fxe6 21.Qd7 Qa7 22.Qxe6+ Kh8 23.Bd4 Qb7
24.Re1 Rae8 25.Qc6 Qe7 26.Rd5 e3 27.Bxe3 Rc8 28.Qd7 Qb4 29.Re2 Bxe3 30.Rxe3 Rc1+
31.Kh2 Qf4+ 32.Rg3 Rc7 33.Qd6 h6 34.Qxf4 Rxf4 35.f3 Rff7 36.Rg6 Rc2 37.Rxa6 Rxf3
38.Rxb5 Kh7 39.Ra4 g5 40.Ra7+ Kg6 41.Ra6+ Kh5 42.Rbb6 g4 43.Rb5+  1-0

[Event "NYC Mayor's Cup"]
[Site "New York USA"]
[Date "2006.06.25"]
[Round "4"]
[White "Ibragimov,I"]
[Black "Kamsky,G"]
[Result "0-1"]
[WhiteElo "2637"]
[BlackElo "2671"]

1.c4 c6 2.e4 d5 3.exd5 cxd5 4.d4 Nf6 5.Nc3 g6 6.cxd5 Nxd5 7.Qb3 Nb6 8.d5 Bg7
9.Be3 O-O 10.Rd1 Na6 11.Be2 Qd6 12.Nf3 Bd7 13.O-O Nc5 14.Qa3 Nca4 15.Qxd6 exd6
16.Nxa4 Nxa4 17.Nd4 a6 18.Rd2 Rac8 19.Bd1 Rfe8 20.Bxa4 Bxa4 21.b3 Bd7 22.Rfd1 h6
23.h3 Re4 24.Ne2 h5 25.Ng3 Ree8 26.Bf4 Bf8 27.f3 f5 28.h4 Kf7 29.Ne2 Rc5
30.Kf2 Rec8 31.Be3 Rc2 32.Nd4 Rxd2+ 33.Rxd2 Bg7 34.Bf4 Be5 35.Bxe5 dxe5 36.Nc2 Ke7
37.f4 e4 38.Ne3 Bb5 39.Rc2 Rxc2+ 40.Nxc2 Kd6 41.Ke3 Kxd5 42.Kd2 Bd3 43.Nb4+ Kd4  0-1

[Event "Suduroy International"]
[Site "Vagur AUT"]
[Date "2006.06.26"]
[Round "3"]
[White "Rodgaard,J"]
[Black "Brinck Claussen,B"]
[Result "1/2-1/2"]
[WhiteElo "2344"]
[BlackElo "2359"]

1.c4 c6 2.Nf3 d5 3.cxd5 cxd5 4.d4 Nc6 5.Nc3 Nf6 6.Bf4 Bf5 7.e3 e6 8.Qb3 Qb6
9.Qxb6 axb6 10.Bb5 Bb4 11.Ne5 O-O 12.Bxc6 bxc6 13.Nxc6 Bxc3+ 14.bxc3 Ne4
15.f3  1/2-1/2

[Event "Zudov Memorial"]
[Site "Nizhnij Tagil RUS"]
[Date "2006.06.29"]
[Round "10"]
[White "Isajevsky,A"]
[Black "Slugin,S"]
[Result "1/2-1/2"]
[WhiteElo "2441"]
[BlackElo "2411"]

1.c4 c6 2.Nf3 d5 3.e3 Nf6 4.Nc3 a6 5.b3 Bg4 6.h3 Bh5 7.Bb2 e6 8.g4 Bg6 9.Ne5 Bd6
10.Nxg6 hxg6 11.Bg2 Nbd7 12.Qc2 b5 13.Ne2 bxc4 14.bxc4 Rb8 15.g5 Nh5 16.f4 O-O
17.O-O e5 18.cxd5 cxd5 19.Bxd5 Kh7 20.Bf3 exf4 21.Bxh5 Qxg5+ 22.Bg4 fxe3
23.Bd4 exd2 24.Kh1 Ne5 25.Bf3 Nxf3 26.Rxf3 Rbc8 27.Qd3 Rc1+ 28.Rf1 Qd5+ 29.Kg1 Rxa1
30.Rxa1 Re8 31.Kf2 Bc5 32.Rd1 Rxe2+ 33.Kxe2 Qg2+ 34.Ke3 Qg5+  1/2-1/2

[Event "REDA IM"]
[Site "Brno CZE"]
[Date "2006.06.30"]
[Round "1"]
[White "Pestov,S"]
[Black "Kozak,Mi"]
[Result "1/2-1/2"]
[WhiteElo "2374"]
[BlackElo "2230"]

1.c4 c6 2.Nf3 d5 3.b3 Bg4 4.Ne5 Bf5 5.e3 f6 6.Nf3 e5 7.Bb2 Bd6 8.a3 Ne7 9.d3 O-O
10.Nbd2 Nd7 11.Nh4 Be6 12.Qc2 Rc8  1/2-1/2

[Event "35th TCh-GRE"]
[Site "Ermioni GRE"]
[Date "2006.07.04"]
[Round "2"]
[White "Kanellopoulos,P"]
[Black "Kharitonov,Alexandr"]
[Result "0-1"]
[WhiteElo "2271"]
[BlackElo "2514"]

1.c4 c6 2.Nf3 d5 3.b3 Nf6 4.Bb2 Bg4 5.e3 e6 6.Be2 Nbd7 7.d3 Bb4+ 8.Nbd2 Nc5
9.O-O O-O 10.Qc2 Ncd7 11.Rfd1 Re8 12.h3 Bh5 13.Nf1 Bg6 14.Rac1 h6 15.Qb1 Qe7
16.Qa1 Ba3 17.Ng3 Bd6 18.Ne5 Nxe5 19.Bxe5 Bxe5 20.Qxe5 Rac8 21.Rd2 Red8 22.cxd5 Rxd5
23.Qc3 e5 24.Rcd1 c5 25.d4 exd4 26.exd4 Rdd8 27.dxc5 Rxd2 28.Qxd2 Qxc5 29.Bd3 Rd8
30.Qe2 Bxd3 31.Rxd3 Qc1+ 32.Nf1 Re8 33.Qd1 Qxd1 34.Rxd1 Re2 35.Rd2 Rxd2 36.Nxd2 Kf8
37.Nc4 Nd5 38.Kf1 b5 39.Nd2 Nc3 40.a3 Ke7 41.f3 f5 42.f4 Kd6 43.Kf2 Kc5 44.Nf3 Nd5
45.g3 a5 46.Ke2 Nc3+ 47.Ke3 a4 48.b4+ Kc4 49.Nd2+ Kd5 50.g4 g6 51.gxf5 gxf5
52.Kd3 Nd1 53.h4 h5 54.Nf1 Nb2+ 55.Kc3 Nc4 56.Ng3 Nxa3 57.Nxh5 Ke4 58.Ng3+ Kxf4
59.h5 Nc4 60.h6 Ne5 61.h7 Ng6 62.Ne2+ Ke3 63.Nd4 f4 64.Nxb5 f3 65.Na3 f2
66.Nc4+ Ke2 67.Nd2 a3 68.Ne4 a2  0-1

[Event "35th TCh-GRE"]
[Site "Ermioni GRE"]
[Date "2006.07.04"]
[Round "2"]
[White "Haritakis,T"]
[Black "Tsiamis,K"]
[Result "0-1"]
[WhiteElo "2294"]
[BlackElo "2299"]

1.c4 c6 2.e4 d5 3.exd5 cxd5 4.cxd5 Nf6 5.Nc3 Nxd5 6.Nf3 e6 7.Bc4 Nc6 8.O-O Be7
9.d4 O-O 10.Re1 Nxc3 11.bxc3 b6 12.Bd3 Bb7 13.h4 Bxh4 14.Nxh4 Qxh4 15.Re4 Qf6
16.Qh5 Qg6 17.Qe2 f5 18.Rxe6 Nxd4 19.Rxg6 Nxe2+ 20.Bxe2 hxg6 21.Bc4+ Kh7
22.Bg5 Rac8 23.Be6 Rc6 24.Bd5 Rc7 25.Bb3 Ba6 26.Bf4 Rcc8 27.Be6 Rxc3 28.Rd1 Bc4
29.Bxc4 Rxc4 30.Be5 Rf7 31.f4 Ra4 32.Rd2 b5 33.Kh2 Re4 34.Rd3 g5 35.Rd5 b4
36.fxg5 Kg6 37.g3 Kxg5 38.Kh3 Re7 39.Bd6 Rb7 40.Bf4+ Rxf4  0-1

[Event "Pivdenny Bank Geller Mem"]
[Site "Odessa UKR"]
[Date "2006.07.04"]
[Round "9"]
[White "Lautier,J"]
[Black "Drozdovskij,Y"]
[Result "1-0"]
[WhiteElo "2682"]
[BlackElo "2550"]

1.c4 c6 2.d4 d5 3.Nf3 Nf6 4.e3 a6 5.Bd3 Bg4 6.Nbd2 Nbd7 7.Qc2 e6 8.b3 Bh5
9.Bb2 Bg6 10.Bxg6 hxg6 11.O-O Bd6 12.h3 O-O 13.c5 Bc7 14.Ne5 Nxe5 15.dxe5 Nd7
16.f4 b6 17.cxb6 Bxb6 18.Rae1 Qc7 19.Kh1 Rac8 20.Nf3 Qa7 21.Ng5 Rfe8 22.e4 Bd8
23.exd5 Bxg5 24.dxe6 Rxe6 25.fxg5 Rce8 26.Qc4 Nxe5 27.Rxe5 Rxe5 28.Bxe5 Rxe5
29.Qxc6 a5 30.Qd6 Qc5 31.Qd8+ Kh7 32.Qd7 Re7 33.Qg4 Qc2 34.Qh4+ Kg8 35.Qd4 Qe2
36.Rf2 Qe1+ 37.Kh2 Re4 38.Qd8+ Re8 39.Qd2 Qe4 40.Qf4 Qd5 41.Rd2 Qc6 42.Rd4 Qb7
43.Qg3 Qb5 44.Rc4 Qf5 45.Qf4 Qd5 46.Rd4 Qc6 47.a3 Qb5 48.b4 axb4 49.axb4  1-0

[Event "Open"]
[Site "Marseille FRA"]
[Date "2006.07.05"]
[Round "7"]
[White "Kosten,A"]
[Black "Dziuba,M"]
[Result "1/2-1/2"]
[WhiteElo "2504"]
[BlackElo "2502"]

1.c4 c6 2.Nc3 d5 3.e3 Nf6 4.d4 e6 5.Bd2 Nbd7 6.Rc1 Be7 7.cxd5 exd5 8.Bd3 O-O
9.f4 Re8 10.Nf3 Bb4 11.Ne5 Bxc3 12.Bxc3 Ne4 13.Bxe4 dxe4 14.Nxd7 Qxd7 15.O-O Qd5
16.b3 b6  1/2-1/2

[Event "35th TCh-GRE"]
[Site "Ermioni GRE"]
[Date "2006.07.06"]
[Round "4"]
[White "Banikas,H"]
[Black "Kharitonov,Alexandr"]
[Result "1/2-1/2"]
[WhiteElo "2576"]
[BlackElo "2514"]

1.c4 c6 2.Nf3 d5 3.e3 Nf6 4.Nc3 e6 5.b3 Nbd7 6.Qc2 Bd6 7.Bb2 O-O 8.Be2 Re8
9.h3 dxc4 10.Bxc4 b5 11.Be2 Bb7 12.O-O a6 13.Ng5 c5 14.a4 b4 15.Nce4 Nxe4
16.Nxe4 Be7 17.f4 f5 18.Ng3 Bf6 19.Rac1 Rc8 20.Nh5 Bxb2 21.Qxb2 Qe7 22.Bc4 Qf7
23.Ng3 Nb6 24.Be2 Red8 25.Rc2 g6 26.Rfc1 Qg7 27.Qxg7+ Kxg7 28.a5 Nd7 29.Nf1 Kf6
30.d3 Ke7 31.Nd2 Rc7 32.Kf2 Rdc8 33.g3 Nf6 34.Bf3 Bxf3 35.Kxf3 Nd5 36.Nb1 Kd8
37.Ke2 Nf6 38.Rc4 Ne8 39.R4c2 Nd6 40.Kf2  1/2-1/2

[Event "35th TCh-GRE"]
[Site "Ermioni GRE"]
[Date "2006.07.07"]
[Round "5"]
[White "Papadimitriou,A"]
[Black "Galopoulos,N"]
[Result "1-0"]
[WhiteElo "1972"]
[BlackElo "2030"]

1.c4 c6 2.Nf3 d5 3.g3 Nf6 4.Bg2 dxc4 5.Na3 b5 6.Ne5 Qc7 7.d4 Bb7 8.O-O e6
9.b3 cxb3 10.Qxb3 a6 11.Bf4 Bd6 12.Rac1 Qe7 13.Nb1 Nd5 14.Nd2 Ba3 15.Rc2 f6
16.Nd3 Nd7 17.Ne4 N5b6 18.Ndc5 Bxc5 19.dxc5 Nc8 20.Bd6 Qf7 21.Bh3 f5 22.Ng5 Qf6
23.Nxe6 Nxd6 24.cxd6 Rc8 25.Bxf5 c5 26.Qe3 Kf7 27.Ng5+  1-0

[Event "35th TCh-GRE"]
[Site "Ermioni GRE"]
[Date "2006.07.07"]
[Round "6"]
[White "Filippas,S"]
[Black "Galopoulos,N"]
[Result "1-0"]
[WhiteElo "2083"]
[BlackElo "2030"]

1.c4 c6 2.e4 e6 3.d4 d5 4.Nc3 dxe4 5.Nxe4 Nf6 6.Nxf6+ Qxf6 7.Nf3 Bb4+ 8.Bd2 Bxd2+
9.Qxd2 Nd7 10.Rd1 O-O 11.Be2 b6 12.O-O Bb7 13.Qe3 Rad8 14.Qa3 a5 15.c5 bxc5
16.dxc5 a4 17.Rd4 Qe7 18.Rc1 e5 19.Rxa4 e4 20.Nd4 Qg5 21.Qe3 Qe5 22.Qg3 Qf6
23.Rb4 Ba8 24.Qc3 Qg5 25.Qe3 Qe5 26.f4 Qe7 27.Nf5 Qf6 28.Ng3 Rb8 29.Rd4 Rfd8
30.Nxe4 Qe7 31.b4 f5 32.Qb3+ Kf8 33.Ng5 Nf6 34.Ne6+ Ke8 35.Rxd8+ Rxd8 36.Nxd8 Kxd8
37.Bf3 Ne4 38.Qg8+  1-0

[Event "35th TCh-GRE"]
[Site "Ermioni GRE"]
[Date "2006.07.07"]
[Round "6"]
[White "Tsarouhas,K"]
[Black "Dimitrov,At"]
[Result "1/2-1/2"]
[WhiteElo "2282"]
[BlackElo "2288"]

1.c4 c6 2.e4 d5 3.exd5 Nf6 4.Qa4 e5 5.Nc3 Bc5 6.b4 Bd4 7.Bb2 O-O 8.Qb3 Bf5
9.Nf3 Re8 10.Be2 a5 11.dxc6 Nxc6 12.b5 e4 13.Nh4 Bxf2+ 14.Kxf2 Ng4+ 15.Bxg4 Qxh4+
16.g3 Qxg4 17.Nd5 Ne5 18.Bxe5 Rxe5 19.Rhf1 Be6 20.Ne3 Qh3 21.Kg1 h5 22.Qc3 Rg5
23.Rf4 h4 24.Nf1 hxg3 25.Nxg3 Rd8 26.Rxe4 Bf5 27.Re3 Be6 28.Rf1 b6 29.Rf2 Rc8
30.d3 Rxb5 31.Rg2 Bd5 32.Rf2 Be6 33.Qa1 Rg5 34.Qd4 b5 35.Rf4 Qh6 36.Rh4 Qg6
37.Kf2 bxc4 38.dxc4 Qc2+ 39.Ne2 Qxc4 40.Qxc4 Rxc4 41.Rxc4 Bxc4 42.Nc3 g6
43.a3 Kg7 44.Kf3 Rf5+ 45.Kg3 Be6 46.Ne2 Rg5+ 47.Kf3 Bd5+ 48.Kf4 Rg2 49.h3  1/2-1/2

[Event "XXIV Andorra Open"]
[Site "Andorra la Vella AND"]
[Date "2006.07.08"]
[Round "1"]
[White "Gonzalez Arribas,V"]
[Black "Peralta,Fe"]
[Result "0-1"]
[WhiteElo "2289"]
[BlackElo "2524"]

1.c4 c6 2.e4 d5 3.exd5 cxd5 4.d4 Nf6 5.Nc3 e6 6.Nf3 Bb4 7.cxd5 Nxd5 8.Bd2 Nc6
9.Bc4 O-O 10.Nxd5 Bxd2+ 11.Qxd2 exd5 12.Be2 Bg4 13.O-O Qf6 14.Rad1 Rfe8 15.h3 Bh5
16.g4 Bg6 17.Rfe1 Re4 18.Kg2 Rae8 19.Bd3 Rxe1 20.Rxe1 Be4 21.Bxe4 dxe4 22.Ne5 Nxe5
23.dxe5 Qxe5 24.Qd7 h5 25.Qxb7 hxg4 26.hxg4 Qf4 27.Re3 Qxg4+ 28.Rg3 Qe6 29.Qxa7 Qd5
30.Qa4 e3+ 31.Kf1 exf2 32.Kxf2 Qd2+ 33.Kf3 Qe2+ 34.Kf4 Qf2+ 35.Kg4 f5+ 36.Kh3 Qf1+  0-1